|
|
|
|
| LEADER |
00000ny a22000003n 4500 |
| 005 |
20110620124916.0 |
| 006 |
m u |
| 007 |
cr cn||||||||| |
| 008 |
200806r20062008sp |||||s|||||||||||spa d |
| 020 |
|
|
|a 9788497728959
|
| 035 |
|
|
|a 2298
|
| 040 |
|
|
|a FlNmELB
|c FlNmELB
|d vlex
|
| 050 |
1 |
4 |
|a K3240
|b D441 2006eb
|
| 080 |
|
|
|a 342.7
|
| 090 |
|
|
|c 1379
|d 1379
|
| 245 |
0 |
0 |
|a Desafo̕s actuales a los derechos humanos
|h [Recurso electrn̤ico]
|b reflexiones sobre el derecho a la paz /
|c editores, Ignacio Campoy Cervera, Jos ̌Luis Rey Přez, Mara̕ Eugenia Rodrg̕uez Palop
|
| 256 |
|
|
|a Servicio en ln̕ea
|
| 260 |
|
|
|a Madrid :
|b Dykinson,
|c 2006
|
| 300 |
|
|
|a [9]-179 p
|
| 506 |
1 |
|
|a Contenido solo disponible en los productos indicados
|d vLex Global
|d vLex Global (Academic Edition, excluding Law Schools)
|d vLex Global (U.S. Academic Edition, Law Schools)
|d vLex Global (U.S. Academic Edition, excluding Law Schools)
|d vLex Global (Academic Edition, Law Schools)
|
| 650 |
0 |
7 |
|2 Tesauro vLex
|a Derechos humanos
|
| 650 |
0 |
7 |
|2 Tesauro vLex
|a Constitucional
|
| 650 |
0 |
7 |
|2 Tesauro vLex
|a Derecho a la paz
|
| 700 |
1 |
|
|a Campoy Cervera, Ignacio,
|e ed
|
| 700 |
1 |
|
|a Rey Přez, Jos ̌Luis,
|e ed
|
| 700 |
1 |
|
|a Rodrg̕uez Palop, Mara̕ Eugenia,
|e ed
|
| 740 |
0 |
|
|a vLex Libros (Servicios en ln̕ea)
|
| 856 |
4 |
0 |
|z Acceso restringido
|u http://vlex.com/source/2298
|
| 942 |
|
|
|c BOOK
|